| 000 | 00765nam a22002177a 4500 | ||
|---|---|---|---|
| 003 | OSt | ||
| 005 | 20160920135208.0 | ||
| 008 | 160322b xxu||||| |||| 00| 0 eng d | ||
| 020 | _a978-1-118-09459-4(pbk) | ||
| 040 | _cLIC | ||
| 082 |
_22013 _aDC 152.402 _bSt34 |
||
| 100 |
_94244 _aStein, Steven J. |
||
| 245 |
_aThe student EQ edge : _bemotional intelligence and your academic and personal success/ _cSteven J. Stein [and 2 others]. |
||
| 260 |
_aSan Francisco, CA : _bJossey-Bass, _cc2013. |
||
| 300 |
_axii, 324 pages : _billustrations ; _c24 cm |
||
| 500 | _aIncludes bibliographical references (pages 305-314) and index | ||
| 650 | 0 |
_94247 _aEmotional intelligence |
|
| 700 |
_94248 _aBook, Howard E. |
||
| 700 |
_94249 _aKanoy, Korrel. |
||
| 942 |
_2ddc _cDC |
||
| 999 |
_c1405 _d1405 |
||